000 01114nam a2200253Ia 4500
001 271.309 2-TOM ce vi (14473)
003 IT-MiSPE
008 171229s9999||||xx |||||||||||||| ||und||
040 _aIT-MiSPE
_cIT-MiSPE
041 _aITALIANO
100 _aTommaso da Celano
240 _aLegenda S. Clarae Virginis
245 0 _aVita di Chiara d'Assisi
_bTestamento, Lettere, Benedizione di santa Chiara
250 _a1a ed. (v)
260 _aRoma
_bCittà Nuova
_c1974
300 _a135 p.
_c18 cm
490 _aMinima
500 _aChiara d'Assisi, santa
501 _aEdizioni San Paolo srl - Piazza Soncino, 5 - 20092 CINISELLO BALSAMO (MI) (non commercial uses only) ® Copyright 2018
700 _aGiovanni Casoli
942 _cBK
957 _71
999 _a848
_bNO
_g Copie: 1
_c347614
_d347614